MARC details
| 000 -LEADER |
| fixed length control field |
02751cam a2200421Mi 4500 |
| 003 - CONTROL NUMBER IDENTIFIER |
| control field |
URS |
| 005 - DATE AND TIME OF LATEST TRANSACTION |
| control field |
20221125082324.0 |
| 008 - FIXED-LENGTH DATA ELEMENTS--GENERAL INFORMATION |
| fixed length control field |
140724t20142014inuao o 000 0deng d |
| 040 ## - CATALOGING SOURCE |
| Original cataloging agency |
E7B |
| Language of cataloging |
eng |
| Description conventions |
rda |
| -- |
pn |
| Transcribing agency |
E7B |
| Modifying agency |
OCLCO |
| -- |
YDXCP |
| -- |
EBLCP |
| -- |
DEBSZ |
| -- |
OCLCF |
| -- |
OCLCQ |
| -- |
YDX |
| -- |
OCLCQ |
| -- |
P@U |
| -- |
OCLCQ |
| -- |
STF |
| -- |
OCLCA |
| -- |
OCLCQ |
| -- |
DKC |
| -- |
OCLCQ |
| -- |
UKAHL |
| -- |
OCL |
| -- |
OCLCQ |
| -- |
N$T |
| -- |
K6U |
| -- |
JSTOR |
| -- |
BTN |
| -- |
OCLCO |
| -- |
INARC |
| Transcribing agency |
URS |
| 020 ## - INTERNATIONAL STANDARD BOOK NUMBER |
| International Standard Book Number |
1626710120 |
| Qualifying information |
(e-book) |
| 020 ## - INTERNATIONAL STANDARD BOOK NUMBER |
| International Standard Book Number |
1626710139 |
| 020 ## - INTERNATIONAL STANDARD BOOK NUMBER |
| International Standard Book Number |
9781626710139 |
| 020 ## - INTERNATIONAL STANDARD BOOK NUMBER |
| International Standard Book Number |
9781626710122 |
| Qualifying information |
(electronic bk.) |
| 020 ## - INTERNATIONAL STANDARD BOOK NUMBER |
| Canceled/invalid ISBN |
9781626710146 |
| 050 #4 - LIBRARY OF CONGRESS CALL NUMBER |
| Classification number |
LD4673 |
| Item number |
.L588 2014 |
| 245 00 - TITLE STATEMENT |
| Title |
Little else than a memory : |
| Remainder of title |
Purdue students search for the class of 1904 / |
| Statement of responsibility, etc. |
edited by Kristina Bross. |
| 264 #1 - PRODUCTION, PUBLICATION, DISTRIBUTION, MANUFACTURE, AND COPYRIGHT NOTICE |
| Place of production, publication, distribution, manufacture |
West Lafayette, Indiana : |
| Name of producer, publisher, distributor, manufacturer |
Purdue University Press, |
| Date of production, publication, distribution, manufacture, or copyright notice |
2014. |
| 264 #4 - PRODUCTION, PUBLICATION, DISTRIBUTION, MANUFACTURE, AND COPYRIGHT NOTICE |
| Date of production, publication, distribution, manufacture, or copyright notice |
©2014 |
| 300 ## - PHYSICAL DESCRIPTION |
| Extent |
1 online resource (249 pages) : |
| Other physical details |
illustrations, photographs |
| 336 ## - CONTENT TYPE |
| Content type term |
text |
| Content type code |
txt |
| Source |
rdacontent |
| 337 ## - MEDIA TYPE |
| Media type term |
computer |
| Media type code |
c |
| Source |
rdamedia |
| 338 ## - CARRIER TYPE |
| Carrier type term |
online resource |
| Carrier type code |
cr |
| Source |
rdacarrier |
| 588 0# - SOURCE OF DESCRIPTION NOTE |
| Source of description note |
Print version record. |
| 505 0# - FORMATTED CONTENTS NOTE |
| Formatted contents note |
Cover -- Title -- Copyright -- Contents -- Preface -- Introduction -- A Tale of Two Satterfields: The Power of a Purdue Education -- The Only Colored Drug Store: Richard Wirt Smith's Success Story, 1904�1911 -- Emil Farkas and William Raymond Davis: Windy City Boys -- Joseph Burke Knapp: A Barnacle on the Ship of Progress -- Fitting In but Sticking Out: The Life of an Immigrant Student at Purdue in 1904 -- Far from Home and Far from Normal: The Experience of an International Student on an American College Campus at the Turn of the Twentieth Century |
| 505 8# - FORMATTED CONTENTS NOTE |
| Formatted contents note |
Lyla Vivian Marshall Harcoff: The Pursuits of a Small-Town DreamerThe Eternal Feminine: An Examination of the Life and Times of the Twentieth-Century New University Woman through Cecil Clare Crane -- The Lost Bandsman and His Band -- Just Harry -- Epilogue: Purdue's Past through Purdue's Present -- Biographical Cameos |
| 590 ## - LOCAL NOTE (RLIN) |
| Local note |
JSTOR |
| Provenance (VM) [OBSOLETE] |
Books at JSTOR Open Access |
| 610 20 - SUBJECT ADDED ENTRY--CORPORATE NAME |
| Corporate name or jurisdiction name as entry element |
Purdue University |
| General subdivision |
History |
| Chronological subdivision |
20th century. |
| 610 20 - SUBJECT ADDED ENTRY--CORPORATE NAME |
| Corporate name or jurisdiction name as entry element |
Purdue University |
| General subdivision |
Students |
| -- |
History |
| Chronological subdivision |
20th century. |
| 610 20 - SUBJECT ADDED ENTRY--CORPORATE NAME |
| Corporate name or jurisdiction name as entry element |
Purdue University |
| General subdivision |
Students |
| Form subdivision |
Biography. |
| 610 27 - SUBJECT ADDED ENTRY--CORPORATE NAME |
| Corporate name or jurisdiction name as entry element |
Purdue University. |
| Source of heading or term |
fast |
| Authority record control number or standard number |
(OCoLC)fst00535526 |
| 650 #7 - SUBJECT ADDED ENTRY--TOPICAL TERM |
| Topical term or geographic name entry element |
HISTORY / United States / State & Local / Midwest (IA, IL, IN, KS, MI, MN, MO, ND, NE, OH, SD, WI) |
| Source of heading or term |
bisacsh |
| 650 #7 - SUBJECT ADDED ENTRY--TOPICAL TERM |
| Topical term or geographic name entry element |
Students. |
| Source of heading or term |
fast |
| Authority record control number or standard number |
(OCoLC)fst01136041 |
| 700 1# - ADDED ENTRY--PERSONAL NAME |
| Personal name |
Bross, Kristina, |
| Relator term |
editor. |
| 776 08 - ADDITIONAL PHYSICAL FORM ENTRY |
| Relationship information |
Print version: |
| Title |
Little else than a memory : Purdue students search for the class of 1904. |
| Place, publisher, and date of publication |
West Lafayette, Indiana : Purdue University Press, ©2014 |
| Physical description |
xiii, 234 pages |
| International Standard Book Number |
9781626710146 |
| 856 40 - ELECTRONIC LOCATION AND ACCESS |
| Uniform Resource Identifier |
<a href="https://www.jstor.org/stable/10.2307/j.ctv15wxqjr">https://www.jstor.org/stable/10.2307/j.ctv15wxqjr</a> |
| 942 ## - ADDED ENTRY ELEMENTS (KOHA) |
| Source of classification or shelving scheme |
Library of Congress Classification |
| Koha item type |
E-Book |
| 994 ## - |
| -- |
92 |
| -- |
PHURS |